[Event "Reykjavik op"]
[Site "Reykjavik"]
[Date "2023.04.02"]
[Round "7"]
[White "Kolka, Dawid"]
[Black "Heurtebize, Olivier"]
[Result "0-1"]
[WhiteElo "1940"]
[BlackElo "2269"]
[PlyCount "66"]
[EventDate "2023.03.29"]
[EventType "swiss"]
[EventRounds "9"]
[EventCountry "ISL"]
[SourceTitle "EXT 2024"]
[Source "ChessBase"]
[SourceDate "2023.10.10"]
[SourceVersion "1"]
[SourceVersionDate "2023.10.10"]
[SourceQuality "1"]

1. e4 c5 2. c3 Nf6 3. e5 Nd5 4. Nf3 e6 5. d4 cxd4 6. cxd4 b6 7. Nc3 Bb7 8. Bd3 Be7 9. 0-0 Nxc3 10. bxc3 d6 11. Re1 Qc7 12. Bf4 Nd7 13. Ng5 dxe5 14. dxe5 Nc5 15. Bb5+ Bc6 16. Qf3 Rc8 17. Bxc6+ Qxc6 18. Qh5 g6 19. Qh6 Bf8 20. Qh3 h6 21. Be3 Bg7 22. Nf3 Nd3 23. Nd4 Qc4 24. Red1 Nxe5 25. Rab1 Rd8 26. Qh4 g5 27. Bxg5 hxg5 28. Qxg5 0-0 29. h4 Qxc3 30. Rb3 Qc5 31. Rb5 Qxb5 32. Nxb5 Rxd1+ 33. Kh2 Rd5 0-1

[Event "Reykjavik op"]
[Site "Reykjavik"]
[Date "2023.04.01"]
[Round "5"]
[White "Haraldsson, Haraldur"]
[Black "Heurtebize, Olivier"]
[Result "0-1"]
[WhiteElo "1882"]
[BlackElo "2269"]
[PlyCount "86"]
[EventDate "2023.03.29"]
[EventType "swiss"]
[EventRounds "9"]
[EventCountry "ISL"]
[SourceTitle "CBM 213 Extra"]
[Source "ChessBase"]
[SourceDate "2023.05.31"]
[SourceVersion "1"]
[SourceVersionDate "2023.05.31"]
[SourceQuality "1"]

1. d4 Nf6 2. Nf3 g6 3. g3 Bg7 4. Bg2 c5 5. 0-0 0-0 6. d5 d6 7. c4 b5 8. cxb5 a6 9. bxa6 Rxa6 10. Nc3 Nbd7 11. h3 Bb7 12. Nd2 Nb6 13. e4 Qa8 14. Re1 Rc8 15. f4 Nfd7 16. Nf3 Na4 17. Qc2 Nxc3 18. bxc3 Ra4 19. a3 Qa5 20. Rb1 Ba6 21. e5 Rc4 22. Bd2 Qa4 23. Rb3 Bb7 24. e6 fxe6 25. dxe6 Nf6 26. Qb2 Bd5 27. Rb8 Qe8 28. Rxc8 Qxc8 29. Qb5 Re4 30. Ng5 Rxe1+ 31. Bxe1 Bxg2 32. Kxg2 h6 33. Nf3 Qxe6 34. a4 c4 35. Bf2 Qe2 36. Nh4 Kh7 37. a5 Ne4 38. Qb6 Qa2 39. Kf3 Nxf2 40. a6 Nd1 41. a7 Nxc3 42. Qe3 e5 43. f5 e4+ 0-1

[Event "Avoine op 34th"]
[Site "Avoine"]
[Date "2019.07.25"]
[Round "6"]
[White "Mauffrey, Hugues"]
[Black "Heurtebize, Olivier"]
[Result "0-1"]
[WhiteElo "1944"]
[BlackElo "2298"]
[PlyCount "80"]
[EventDate "2019.07.20"]
[EventType "swiss"]
[EventRounds "9"]
[EventCountry "FRA"]
[SourceTitle "EXT 2020"]
[Source "ChessBase"]
[SourceDate "2019.10.17"]
[SourceVersion "1"]
[SourceVersionDate "2019.10.17"]
[SourceQuality "1"]

1. e4 c5 2. Nf3 e6 3. d4 cxd4 4. Nxd4 a6 5. Nc3 Qc7 6. Be2 Nf6 7. 0-0 d6 8. f4 Nbd7 9. Bf3 Be7 10. Qe2 0-0 11. Be3 Nb6 12. Rad1 Nc4 13. Bc1 e5 14. Nf5 Bxf5 15. exf5 Nxb2 16. Bxb2 Qb6+ 17. Qf2 Qxb2 18. Nd5 Nxd5 19. Bxd5 Rab8 20. c4 Qa3 21. Qg3 Qc5+ 22. Kh1 Bf6 23. Qf2 Qa5 24. g4 exf4 25. Qxf4 Be5 26. Qf2 h6 27. g5 hxg5 28. f6 gxf6 29. Rg1 Kg7 30. Qf5 Qd8 31. Rd3 Qe7 32. Rd2 Rh8 33. Rdg2 Rh6 34. Re1 Rbh8 35. Ree2 b6 36. a4 Qc7 37. a5 b5 38. c5 Qxc5 39. Rxg5+ Kf8 40. Reg2 Qc1+ 0-1

[Event "FRA-chT1A 1112"]
[Site "France"]
[Date "2011.12.10"]
[Round "4.2"]
[White "Piankov, Evgenij"]
[Black "Heurtebize, Olivier"]
[Result "1-0"]
[WhiteElo "2356"]
[BlackElo "2278"]
[PlyCount "191"]
[EventDate "2011.10.16"]
[EventType "team-tourn"]
[EventRounds "11"]
[EventCountry "FRA"]
[SourceTitle "EXT 2013"]
[Source "ChessBase"]
[SourceDate "2012.11.22"]
[SourceVersion "1"]
[SourceVersionDate "2012.11.22"]
[SourceQuality "1"]
[WhiteTeam "Issy les Moulineaux"]
[BlackTeam "Tours"]
[WhiteTeamCountry "FRA"]
[BlackTeamCountry "FRA"]

1. d4 d5 2. Bg5 c6 3. Nf3 Nd7 4. e3 Ngf6 5. Bd3 e6 6. 0-0 Be7 7. c4 0-0 8. Nc3 dxc4 9. Bxc4 b5 10. Bd3 a6 11. Bxf6 Nxf6 12. Ne4 Bb7 13. Nxf6+ Bxf6 14. Be4 Qd6 15. Qc2 g6 16. Rfd1 Rfc8 17. Rac1 Rab8 18. a3 Bg7 19. b4 a5 20. Qc3 axb4 21. axb4 Rd8 22. Rd2 Ra8 23. h3 Ra4 24. Rb2 Qb8 25. Bc2 Ra7 26. Rbb1 Bc8 27. Ra1 Rxa1 28. Rxa1 Bb7 29. Be4 c5 30. Bxb7 cxd4 31. Qc6 dxe3 32. Re1 exf2+ 33. Kxf2 Qa7+ 34. Kf1 Rb8 35. Ba6 Bf8 36. Bxb5 Bxb4 37. Rb1 Bc5 38. Bd3 Rd8 39. Qa6 Qe7 40. Rc1 h6 41. Be2 Kh7 42. Qc6 Rd5 43. Rd1 Rxd1+ 44. Bxd1 Qa7 45. Qb5 Qa3 46. Qe2 Bb6 47. g3 Qd6 48. Kg2 Bc7 49. Qe1 f5 50. Bb3 e5 51. Qc3 e4 52. Nd4 Qe5 53. Ne2 Qxc3 54. Nxc3 Kg7 55. Nd5 Be5 56. Nb6 Bd4 57. Nd7 Bb2 58. Be6 Bd4 59. g4 fxg4 60. Bxg4 Be3 61. Bd1 Bd4 62. Nb8 h5 63. Nc6 Bf6 64. Nb4 Kh6 65. Nd5 Be5 66. Bc2 g5 67. Bxe4 Bf4 68. Ne7 Kg7 69. Bc2 Bd2 70. Nf5+ Kf6 71. Ng3 Kg7 72. Nxh5+ Kh6 73. Bd1 Kg6 74. Ng3 Bf4 75. Ne4 Kf5 76. Kf3 Bc1 77. Bc2 Kg6 78. Kg4 Kg7 79. Kf5 Be3 80. Bb3 Bc1 81. Nc5 Bd2 82. Ne6+ Kh7 83. Kg4 Kg6 84. Bc2+ Kf7 85. Nd4 Kf6 86. Kh5 Bc1 87. Bd1 Be3 88. Nc2 Bd2 89. Bg4 Kg7 90. Nd4 Bc1 91. Ne6+ Kh7 92. Bf5+ Kh8 93. Kg6 Bd2 94. Bd3 Kg8 95. Bc4 Kh8 96. Nd8 1-0

[Event "Cappelle op 27th"]
[Site "Cappelle la Grande"]
[Date "2011.02.28"]
[Round "3"]
[White "Heurtebize, Olivier"]
[Black "Matjushin, Gennady"]
[Result "0-1"]
[WhiteElo "2227"]
[BlackElo "2490"]
[PlyCount "70"]
[EventDate "2011.02.26"]
[EventType "swiss"]
[EventRounds "9"]
[EventCountry "FRA"]
[SourceTitle "CBM 141 Extra"]
[Source "ChessBase"]
[SourceDate "2011.05.03"]
[SourceVersion "1"]
[SourceVersionDate "2011.05.03"]
[SourceQuality "1"]

1. d4 g6 2. c4 Bg7 3. Nf3 d6 4. g3 Nf6 5. Nc3 Bf5 6. Bg2 Ne4 7. Nxe4 Bxe4 8. e3 0-0 9. 0-0 e5 10. d5 Qe7 11. Bh3 Bxf3 12. Qxf3 e4 13. Qe2 f5 14. Rb1 Nd7 15. b3 h5 16. Bg2 h4 17. Rd1 Rf7 18. Ba3 hxg3 19. hxg3 Be5 20. Bh3 g5 21. Kg2 g4 22. Bxg4 fxg4 23. Qxg4+ Bg7 24. Rd2 Nf6 25. Qg6 Qd7 26. c5 dxc5 27. Rh1 Qg4 28. Rh8+ Kxh8 29. Qxf7 Nh7 30. Qxc7 Ng5 31. Kf1 Qh3+ 32. Ke2 Qh5+ 33. Kf1 Nf3 34. Rd1 Nd4 35. Rxd4 cxd4 0-1

[Event "FRA-chT1 1011"]
[Site "France"]
[Date "2010.11.13"]
[Round "2.6"]
[White "Seret, Jean Luc"]
[Black "Heurtebize, Olivier"]
[Result "1-0"]
[WhiteElo "246"]
[BlackElo "2232"]
[PlyCount "57"]
[EventDate "2010.10.17"]
[EventType "team-tourn"]
[EventRounds "11"]
[EventCountry "FRA"]
[SourceTitle "EXT 2012"]
[Source "ChessBase"]
[SourceDate "2011.11.24"]
[SourceVersion "1"]
[SourceVersionDate "2011.11.24"]
[SourceQuality "1"]

1. e4 c5 2. Nf3 e6 3. c3 d6 4. d4 Nf6 5. Bd3 Nc6 6. 0-0 a6 7. dxc5 dxc5 8. Qe2 e5 9. Rd1 Qc7 10. a4 Be6 11. Na3 Na5 12. Bg5 c4 13. Bb1 Nd7 14. Nc2 f6 15. Be3 Nc5 16. Nb4 Ncb3 17. Ra2 Bxb4 18. cxb4 Nc6 19. b5 Nca5 20. b6 Qc6 21. Nd2 Nd4 22. Bxd4 exd4 23. Qh5+ g6 24. Qxa5 c3 25. bxc3 Bxa2 26. Bxa2 Qxc3 27. Qd5 d3 28. Qf7+ Kd8 29. Be6 1-0

[Event "Avoine op 22nd"]
[Site "Avoine"]
[Date "2007.07.26"]
[Round "6"]
[White "Davy, Bruno"]
[Black "Heurtebize, Olivier"]
[Result "0-1"]
[WhiteElo "1988"]
[BlackElo "2291"]
[PlyCount "90"]
[EventDate "2007.07.21"]
[EventType "swiss"]
[EventRounds "9"]
[EventCountry "FRA"]
[SourceTitle "EXT 2010"]
[Source "ChessBase"]
[SourceDate "2010.11.25"]
[SourceVersion "1"]
[SourceVersionDate "2010.11.25"]
[SourceQuality "1"]

1. d4 d5 2. c4 e6 3. Nc3 c6 4. Nf3 dxc4 5. a4 Bb4 6. Bd2 a5 7. e3 b5 8. axb5 Bxc3 9. Bxc3 cxb5 10. d5 Nf6 11. Nd4 Qb6 12. dxe6 fxe6 13. Qf3 Bb7 14. Qg3 0-0 15. Nf3 Nbd7 16. Be2 Bd5 17. 0-0 b4 18. Bd4 Qb8 19. Ne5 Nxe5 20. Bxe5 Qb6 21. e4 Bxe4 22. Bxc4 Rac8 23. Bb3 Bd5 24. Rac1 Rxc1 25. Rxc1 Nh5 26. Qh4 Bxb3 27. Rc7 Ba4 28. g4 Nf6 29. Qg5 Rf7 30. Rxf7 Kxf7 31. Bxf6 gxf6 32. Qh6 Bc2 33. Qd2 Qc6 34. Qe3 Qe4 35. Qa7+ Kg6 36. h3 Qe1+ 37. Kh2 Qe5+ 38. Kg1 Be4 39. Qe7 Qxb2 40. Qe8+ Kg5 41. Qh5+ Kf4 42. Qh6+ Ke5 43. Qe3 Qb1+ 44. Kh2 Qh1+ 45. Kg3 Qf3+ 0-1

[Event "FRA-chT2 West 0607"]
[Site "France"]
[Date "2007.03.18"]
[Round "9.2"]
[White "Heurtebize, Olivier"]
[Black "Radulov, Ivan"]
[Result "1/2-1/2"]
[WhiteElo "2279"]
[BlackElo "2322"]
[PlyCount "54"]
[EventDate "2006.10.15"]
[EventType "team"]
[EventRounds "11"]
[EventCountry "FRA"]
[SourceTitle "EXT 2008"]
[Source "ChessBase"]
[SourceDate "2007.11.25"]
[SourceVersion "1"]
[SourceVersionDate "2007.11.25"]
[SourceQuality "1"]
[WhiteTeam "Le Mans"]
[BlackTeam "Le Vesinet"]
[WhiteTeamCountry "FRA"]
[BlackTeamCountry "FRA"]

1. d4 d6 2. c4 e5 3. Nf3 e4 4. Ng5 f5 5. Nc3 h6 6. Nh3 g5 7. f3 exf3 8. exf3 Bg7 9. Be2 Ne7 10. g4 fxg4 11. fxg4 0-0 12. Qd3 c5 13. Be3 Nf5 14. gxf5 Bxf5 15. Qd2 Bxh3 16. dxc5 dxc5 17. Qxd8 Rxd8 18. Bxc5 Nc6 19. Rd1 Rxd1+ 20. Kxd1 Nd4 21. Bxd4 Bxd4 22. Bf3 Bxc3 23. Bd5+ Kg7 24. bxc3 Rd8 25. Kc2 b6 26. Re1 Kf6 27. Kd3 Bf5+ 1/2-1/2

[Event "FRA-chT2 West 0607"]
[Site "France"]
[Date "2007.03.17"]
[Round "8.1"]
[White "Shirazi, Kamran"]
[Black "Heurtebize, Olivier"]
[Result "1-0"]
[WhiteElo "2424"]
[BlackElo "2279"]
[PlyCount "74"]
[EventDate "2006.10.15"]
[EventType "team"]
[EventRounds "11"]
[EventCountry "FRA"]
[SourceTitle "EXT 2008"]
[Source "ChessBase"]
[SourceDate "2007.11.25"]
[SourceVersion "1"]
[SourceVersionDate "2007.11.25"]
[SourceQuality "1"]
[WhiteTeam "Rueil Malmaison"]
[BlackTeam "Le Mans"]
[WhiteTeamCountry "FRA"]
[BlackTeamCountry "FRA"]

1. e4 c5 2. d4 cxd4 3. c3 dxc3 4. Nxc3 a6 5. Bc4 Nc6 6. Nf3 e6 7. 0-0 Nge7 8. Bg5 f6 9. Bf4 Ng6 10. Bg3 Bc5 11. a3 0-0 12. b4 Be7 13. Nd5 exd5 14. exd5 Nce5 15. d6+ Nxc4 16. Qd5+ Rf7 17. dxe7 Nxe7 18. Qxc4 d5 19. Qb3 Nc6 20. Rad1 Be6 21. Rfe1 Re7 22. a4 Bf7 23. b5 axb5 24. axb5 Na5 25. Qb4 Rxe1+ 26. Rxe1 Nc4 27. h4 Qf8 28. Qe7 b6 29. Qb7 Re8 30. Ra1 Re7 31. Qc6 Re6 32. Qd7 Qe8 33. Qb7 Re7 34. Qc6 Re6 35. Qb7 Re7 36. Qc6 Re6 37. Qb7 Re7 1-0

[Event "FRA-chT2 West 0607"]
[Site "France"]
[Date "2007.01.20"]
[Round "5.1"]
[White "Heurtebize, Olivier"]
[Black "Guliyev, Namig"]
[Result "0-1"]
[WhiteElo "2279"]
[BlackElo "2545"]
[PlyCount "84"]
[EventDate "2006.10.15"]
[EventType "team"]
[EventRounds "11"]
[EventCountry "FRA"]
[SourceTitle "EXT 2008"]
[Source "ChessBase"]
[SourceDate "2007.11.25"]
[SourceVersion "1"]
[SourceVersionDate "2007.11.25"]
[SourceQuality "1"]
[WhiteTeam "Le Mans"]
[BlackTeam "Chess XV II"]
[WhiteTeamCountry "FRA"]
[BlackTeamCountry "FRA"]

1. d4 d5 2. c4 dxc4 3. Nf3 Nf6 4. Nc3 a6 5. a4 e6 6. e3 c5 7. Bxc4 Nc6 8. 0-0 Be7 9. dxc5 Qc7 10. e4 Bxc5 11. Qe2 Ng4 12. g3 0-0 13. Kg2 Bd7 14. Bf4 Bd6 15. Bxd6 Qxd6 16. Rfd1 Qc7 17. Rac1 Rad8 18. Ba2 Bc8 19. h3 Nf6 20. Bb1 Rxd1 21. Rxd1 Nd7 22. Qc4 Qb6 23. Rd2 Na5 24. Qd4 Qc7 25. e5 Nc4 26. Re2 Rd8 27. Qh4 h6 28. Re4 Nxb2 29. Rb4 Nf8 30. Ne4 Nd1 31. Nf6+ Kh8 32. Rg4 Ng6 33. Bxg6 fxg6 34. Ne4 Kh7 35. Nd6 Qc2 36. Ng5+ Kg8 37. Nge4 g5 38. Rxg5 hxg5 39. Qxg5 Rxd6 40. Nxd6 Qxf2+ 41. Kh1 Qf3+ 42. Kh2 Ne3 0-1

[Event "FRA-chT2 West 0607"]
[Site "France"]
[Date "2006.10.15"]
[Round "1.2"]
[White "Ragot, Nicolas"]
[Black "Heurtebize, Olivier"]
[Result "0-1"]
[WhiteElo "2212"]
[BlackElo "2267"]
[PlyCount "120"]
[EventDate "2006.10.15"]
[EventType "team"]
[EventRounds "11"]
[EventCountry "FRA"]
[SourceTitle "EXT 2008"]
[Source "ChessBase"]
[SourceDate "2007.11.25"]
[SourceVersion "1"]
[SourceVersionDate "2007.11.25"]
[SourceQuality "1"]
[WhiteTeam "Guingamp II"]
[BlackTeam "Le Mans"]
[WhiteTeamCountry "FRA"]
[BlackTeamCountry "FRA"]

1. c4 e5 2. g3 c6 3. d4 d6 4. Bg2 Be7 5. Nc3 Nd7 6. Nf3 Ngf6 7. 0-0 0-0 8. b3 Re8 9. Qc2 Qc7 10. Bb2 Nf8 11. Rad1 Be6 12. c5 dxc5 13. dxe5 N6d7 14. Ne4 Bf5 15. Nf6+ Bxf6 16. Qxf5 Nxe5 17. Ng5 Ned7 18. Bxf6 Nxf6 19. Qxc5 Rxe2 20. Rfe1 Qb6 21. Qxb6 Rxe1+ 22. Rxe1 axb6 23. Re7 Rxa2 24. Rxb7 Ra1+ 25. Bf1 N6d7 26. Kg2 h6 27. Ne4 Rb1 28. Rc7 Ne5 29. Nd2 Rd1 30. Nc4 Rd7 31. Rc8 Nxc4 32. Bxc4 Rd6 33. b4 g6 34. Be2 Rd4 35. Rxc6 Rxb4 36. h4 Rb2 37. Bf3 Nd7 38. Rd6 Ne5 39. Be4 Kf8 40. Rf6 Ke7 41. Rf4 f5 42. Bd5 Nd3 43. Ra4 Nxf2 44. Kf1 Ng4 45. Ra7+ Kd6 46. Bf7 g5 47. Bh5 gxh4 48. gxh4 Rh2 49. Rb7 Kc6 50. Rf7 Rxh4 51. Bg6 f4 52. Kg1 Ne5 53. Be4+ Kc5 54. Rf8 f3 55. Bxf3 Nxf3+ 56. Rxf3 b5 57. Kg2 b4 58. Rf5+ Kc4 59. Kg3 Re4 60. Rf6 b3 0-1

[Event "Lvov"]
[Site "Lvov"]
[Date "2003.08.18"]
[Round "11"]
[White "Heurtebize, Olivier"]
[Black "Blot, Jerome"]
[Result "0-1"]
[WhiteElo "2279"]
[BlackElo "2283"]
[PlyCount "64"]
[EventDate "2003.08.09"]
[EventType "tourn"]
[EventRounds "11"]
[EventCountry "UKR"]
[EventCategory "2"]
[SourceTitle "CBM 095 Extra"]
[Source "ChessBase"]
[SourceDate "2003.09.04"]
[SourceVersion "1"]
[SourceVersionDate "2003.09.04"]
[SourceQuality "1"]

1. d4 Nf6 2. Nf3 g6 3. Bg5 Bg7 4. Nbd2 0-0 5. e3 d6 6. Be2 Nbd7 7. 0-0 Qe8 8. c3 e5 9. Ne1 h6 10. Bh4 Kh8 11. Nc2 Nd5 12. Bf3 Ne7 13. Bxe7 Qxe7 14. e4 f5 15. exf5 gxf5 16. Be2 Nf6 17. f4 exd4 18. cxd4 Bd7 19. Re1 Ne4 20. Bd3 Bc6 21. Qe2 Rae8 22. Bb5 Qd7 23. Bxc6 Qxc6 24. Qd3 Nxd2 25. Qxd2 Qb6 26. b4 c5 27. bxc5 dxc5 28. Rxe8 Rxe8 29. Rd1 cxd4 30. Qd3 Re4 31. g3 Re2 32. a4 Rxc2 0-1

[Event "Lvov"]
[Site "Lvov"]
[Date "2003.08.14"]
[Round "6"]
[White "Heurtebize, Olivier"]
[Black "Ustianovich, Nazar"]
[Result "1/2-1/2"]
[WhiteElo "2279"]
[BlackElo "2261"]
[PlyCount "49"]
[EventDate "2003.08.09"]
[EventType "tourn"]
[EventRounds "11"]
[EventCountry "UKR"]
[EventCategory "2"]
[SourceTitle "CBM 095 Extra"]
[Source "ChessBase"]
[SourceDate "2003.09.04"]
[SourceVersion "1"]
[SourceVersionDate "2003.09.04"]
[SourceQuality "1"]

1. d4 d5 2. c4 c6 3. Nf3 Nf6 4. e3 e6 5. g3 Nbd7 6. Nbd2 Be7 7. Bg2 0-0 8. 0-0 b6 9. b3 Bb7 10. Bb2 Rc8 11. Qe2 Rc7 12. Rac1 dxc4 13. Nxc4 c5 14. Rfd1 Qa8 15. dxc5 Nxc5 16. Be5 Rd7 17. Nd6 Ba6 18. Qc2 Nd3 19. Rxd3 Bxd3 20. Qxd3 Qd8 21. Ng5 h6 22. Bxf6 hxg5 23. Bxe7 Qxe7 24. Nc8 Qd8 25. Qc2 1/2-1/2

[Event "Lvov"]
[Site "Lvov"]
[Date "2003.08.11"]
[Round "3"]
[White "Pean, Leonard"]
[Black "Heurtebize, Olivier"]
[Result "0-1"]
[WhiteElo "2116"]
[BlackElo "2279"]
[PlyCount "118"]
[EventDate "2003.08.09"]
[EventType "tourn"]
[EventRounds "11"]
[EventCountry "UKR"]
[EventCategory "2"]
[SourceTitle "CBM 095 Extra"]
[Source "ChessBase"]
[SourceDate "2003.09.04"]
[SourceVersion "1"]
[SourceVersionDate "2003.09.04"]
[SourceQuality "1"]

1. d4 d5 2. c4 e6 3. Nc3 Nf6 4. Bg5 Nbd7 5. Nf3 c6 6. e3 Be7 7. Bd3 dxc4 8. Bxc4 b5 9. Bd3 a6 10. Ne5 Bb7 11. Qf3 h6 12. Bh4 b4 13. Ne4 Nxe5 14. dxe5 Nxe4 15. Bxe4 Bxh4 16. Bxc6+ Bxc6 17. Qxc6+ Kf8 18. 0-0 Qd5 19. Qxd5 exd5 20. Rfd1 Rd8 21. a3 h5 22. axb4 Rh6 23. Ra4 Be7 24. Rda1 d4 25. exd4 Rxd4 26. b5 Rxa4 27. Rxa4 Rb6 28. Rxa6 Rb8 29. Kf1 Ke8 30. Rc6 Rxb5 31. e6 fxe6 32. Rxe6 Rxb2 33. g3 Kf7 34. Re2 Rxe2 35. Kxe2 Kg6 36. f4 Kf5 37. Kf3 h4 38. g4+ Ke6 39. Ke4 Bd6 40. h3 Bc7 41. Kf3 Ba5 42. Ke4 Be1 43. Kd4 Bf2+ 44. Ke4 Bg3 45. f5+ Kf6 46. Kd5 Be1 47. Ke4 Bd2 48. Kd5 Ke7 49. Ke5 Kd7 50. Kd5 Bc3 51. Kc4 Be5 52. Kc5 Ke7 53. Kc6 Bd6 54. Kb5 Kf6 55. Kc6 Ke5 56. Kd7 Bb4 57. Ke8 Kf4 58. Kf7 Bc3 59. Kg6 Kg3 0-1

[Event "Lvov"]
[Site "Lvov"]
[Date "2003.08.09"]
[Round "1"]
[White "Rouillon, Ludovic"]
[Black "Heurtebize, Olivier"]
[Result "0-1"]
[WhiteElo "2162"]
[BlackElo "2279"]
[PlyCount "118"]
[EventDate "2003.08.09"]
[EventType "tourn"]
[EventRounds "11"]
[EventCountry "UKR"]
[EventCategory "2"]
[SourceTitle "CBM 095 Extra"]
[Source "ChessBase"]
[SourceDate "2003.09.04"]
[SourceVersion "1"]
[SourceVersionDate "2003.09.04"]
[SourceQuality "1"]

1. e4 c5 2. d3 Nc6 3. g3 g6 4. Bg2 Bg7 5. Nf3 e6 6. 0-0 Nge7 7. Re1 d5 8. e5 Qc7 9. Qe2 h6 10. h4 b6 11. a4 Ba6 12. Na3 0-0 13. Bf4 Rad8 14. Qd2 Kh7 15. Nh2 Ng8 16. Ng4 Rd7 17. Bh3 Nd4 18. Qd1 c4 19. c3 Nb3 20. d4 Nxa1 21. Qxa1 Qd8 22. Nc2 Bb7 23. Qb1 Bc6 24. h5 Rb7 25. hxg6+ fxg6 26. Nce3 Be8 27. b3 cxb3 28. Ng2 b5 29. Qxb3 g5 30. Bd2 Qe7 31. f4 bxa4 32. Qc2+ Bg6 33. Qxa4 Rb1 34. Rxb1 Bxb1 35. Qd1 Bg6 36. N4e3 a5 37. fxg5 hxg5 38. c4 dxc4 39. Nxc4 Nh6 40. Nge3 Qf7 41. Qe1 a4 42. Bb4 Rb8 43. Bg2 Qd7 44. Qc3 Qb5 45. Nc2 Bxc2 46. Qxc2+ Kh8 47. Ba3 Qb1+ 48. Qxb1 Rxb1+ 49. Kf2 Rd1 50. Bb2 a3 51. Bxa3 Rxd4 52. Bf1 Ng4+ 53. Kg1 Nxe5 54. Nxe5 Bxe5 55. Be7 Rg4 56. Kf2 Bxg3+ 57. Ke2 Bf4 58. Kf2 Rh4 59. Kf3 Kg7 0-1

[Event "FRA-chT2W 0203"]
[Site "France"]
[Date "2003.04.06"]
[Round "11"]
[White "Heurtebize, Olivier"]
[Black "Mokcsay, Robert"]
[Result "1/2-1/2"]
[WhiteElo "2283"]
[BlackElo "2377"]
[PlyCount "33"]
[EventDate "2002.10.??"]
[EventType "team"]
[EventRounds "11"]
[EventCountry "FRA"]
[SourceTitle "EXT 2004"]
[Source "ChessBase"]
[SourceDate "2003.11.25"]
[SourceVersion "1"]
[SourceVersionDate "2003.11.25"]
[SourceQuality "1"]
[WhiteTeam "Le Mans"]
[BlackTeam "Bagneux"]
[WhiteTeamCountry "FRA"]
[BlackTeamCountry "FRA"]

1. d4 d5 2. c4 c6 3. Nc3 Nf6 4. Nf3 e6 5. Qc2 Be7 6. e3 0-0 7. Bd3 Nbd7 8. 0-0 dxc4 9. Bxc4 b5 10. Be2 Bb7 11. a3 a6 12. Rd1 Qb8 13. e4 e5 14. Bg5 Re8 15. h3 exd4 16. Nxd4 Bc5 17. b4 1/2-1/2

[Event "FRA-chT2W 0203"]
[Site "France"]
[Date "2003.03.16"]
[Round "9"]
[White "Heurtebize, Olivier"]
[Black "Petit, Eric"]
[Result "1/2-1/2"]
[WhiteElo "2283"]
[BlackElo "2236"]
[PlyCount "58"]
[EventDate "2002.10.??"]
[EventType "team"]
[EventRounds "11"]
[EventCountry "FRA"]
[SourceTitle "EXT 2004"]
[Source "ChessBase"]
[SourceDate "2003.11.25"]
[SourceVersion "1"]
[SourceVersionDate "2003.11.25"]
[SourceQuality "1"]
[WhiteTeam "Le Mans"]
[BlackTeam "Bordeaux II"]
[WhiteTeamCountry "FRA"]
[BlackTeamCountry "FRA"]

1. d4 Nf6 2. c4 d6 3. Nc3 Nbd7 4. Nf3 e5 5. g3 Be7 6. Bg2 0-0 7. 0-0 c6 8. e4 Qc7 9. h3 a6 10. a4 a5 11. Be3 Re8 12. Rc1 Bf8 13. Re1 g6 14. Qc2 Bg7 15. Kh2 exd4 16. Nxd4 Nc5 17. Nb3 Nfd7 18. f4 Nxb3 19. Qxb3 Nc5 20. Bxc5 dxc5 21. e5 f6 22. Ne4 fxe5 23. Nxc5 Rf8 24. fxe5 Bxe5 25. Re2 Bd4 26. Nd3 Bf5 27. Rce1 Bxd3 28. Qxd3 Rad8 29. Qb3 Rd7 1/2-1/2

[Event "FRA-chT2W 0203"]
[Site "France"]
[Date "2003.02.02"]
[Round "7"]
[White "Heurtebize, Olivier"]
[Black "Germes, Bernard"]
[Result "0-1"]
[WhiteElo "2283"]
[BlackElo "2140"]
[PlyCount "54"]
[EventDate "2002.10.??"]
[EventType "team"]
[EventRounds "11"]
[EventCountry "FRA"]
[SourceTitle "EXT 2004"]
[Source "ChessBase"]
[SourceDate "2003.11.25"]
[SourceVersion "1"]
[SourceVersionDate "2003.11.25"]
[SourceQuality "1"]
[WhiteTeam "Le Mans"]
[BlackTeam "Rennes"]
[WhiteTeamCountry "FRA"]
[BlackTeamCountry "FRA"]

1. d4 f5 2. c4 Nf6 3. g3 g6 4. Bg2 Bg7 5. Nc3 d6 6. d5 Nbd7 7. Nh3 Nc5 8. Nf4 0-0 9. 0-0 a5 10. Qc2 Bd7 11. Be3 Na6 12. Rae1 Ng4 13. Bd2 Qe8 14. e4 Ne5 15. Ne6 Bxe6 16. dxe6 c6 17. exf5 gxf5 18. b3 Nb4 19. Qb1 Nbd3 20. Rd1 f4 21. Be4 Qh5 22. Bxd3 Qh3 23. Bxh7+ Kh8 24. f3 fxg3 25. hxg3 Qxg3+ 26. Kh1 Nxf3 27. Rxf3 Qxf3+ 0-1

[Event "FRA-chT2W 0203"]
[Site "France"]
[Date "2003.01.19"]
[Round "6"]
[White "Heurtebize, Olivier"]
[Black "Flouzat, Jean Marc"]
[Result "1/2-1/2"]
[WhiteElo "2283"]
[BlackElo "2227"]
[PlyCount "105"]
[EventDate "2002.10.??"]
[EventType "team"]
[EventRounds "11"]
[EventCountry "FRA"]
[SourceTitle "EXT 2004"]
[Source "ChessBase"]
[SourceDate "2003.11.25"]
[SourceVersion "1"]
[SourceVersionDate "2003.11.25"]
[SourceQuality "1"]
[WhiteTeam "Le Mans"]
[BlackTeam "Clermont Ferrand"]
[WhiteTeamCountry "FRA"]
[BlackTeamCountry "FRA"]

1. d4 d5 2. c4 c6 3. Nc3 Nf6 4. Nf3 e6 5. g3 Nbd7 6. Bg2 Be7 7. 0-0 b6 8. b3 0-0 9. Bb2 Bb7 10. e3 Rc8 11. Rc1 Rc7 12. Ne5 Nxe5 13. dxe5 Nd7 14. f4 Qb8 15. Qe2 Bb4 16. a3 Bxc3 17. Bxc3 Nc5 18. b4 Ne4 19. Bxe4 dxe4 20. Rfd1 c5 21. bxc5 bxc5 22. Rd6 Rcc8 23. Rb1 Qa8 24. Rb5 a6 25. Rbb6 Rc6 26. Ba5 Rxb6 27. Bxb6 Rc8 28. Qd2 h6 29. Bxc5 Kh7 30. Qd4 Bc6 31. Bb6 a5 32. c5 a4 33. Qb4 Bd5 34. Rd7 Qa6 35. Kf2 Qd3 36. Qb2 Kg8 37. Qc1 Qb3 38. Ba5 Qa2+ 39. Kg1 Qe2 40. Bb4 Bb3 41. Qd2 Qb5 42. Rd4 Qc6 43. Rd6 Qb5 44. Kf2 Bd5 45. Qc2 Bc6 46. Qe2 Qb7 47. g4 Bb5 48. Qc2 Bc6 49. h4 g6 50. Qd2 Qb5 51. Qe2 Qb7 52. Qc4 Kh7 53. Qe2 1/2-1/2

[Event "Le Mans 3rd"]
[Site "Le Mans"]
[Date "2003.??.??"]
[Round "2"]
[White "Heurtebize, Olivier"]
[Black "Andonov, Bogomil"]
[Result "1-0"]
[WhiteElo "2283"]
[BlackElo "2290"]
[PlyCount "89"]
[EventDate "2003.02.23"]
[EventType "tourn"]
[EventRounds "9"]
[EventCountry "FRA"]
[EventCategory "3"]
[SourceTitle "EXT 2004"]
[Source "ChessBase"]
[SourceDate "2003.11.25"]
[SourceVersion "1"]
[SourceVersionDate "2003.11.25"]
[SourceQuality "1"]

1. d4 d6 2. Nf3 Bg4 3. e4 Nf6 4. Nbd2 e6 5. c3 c6 6. Bd3 Bh5 7. 0-0 Be7 8. Re1 Bg6 9. Qc2 d5 10. Ne5 Bxe4 11. Nxe4 Nxe4 12. Bxe4 dxe4 13. Qxe4 Nd7 14. Qg4 Nxe5 15. dxe5 Kf8 16. Be3 h5 17. Qa4 Qc7 18. Rad1 g6 19. c4 Kg7 20. c5 Rad8 21. Rd6 Bxd6 22. cxd6 Qd7 23. Bg5 a6 24. Qf4 Rc8 25. Bf6+ Kg8 26. Bxh8 Kxh8 27. g4 hxg4 28. Qf6+ Kg8 29. Re4 Qd8 30. Qxd8+ Rxd8 31. Rxg4 Kg7 32. Rf4 Rh8 33. Kg2 Kf8 34. Kg3 Rh5 35. d7 Ke7 36. Rxf7+ Kd8 37. f4 c5 38. Rg7 Rh6 39. h4 c4 40. Kg4 b5 41. Kg5 Rh8 42. Kf6 b4 43. Kxe6 c3 44. bxc3 bxc3 45. Kd6 1-0